[Event "South America-ch U16 17th"]
[Site "Guayaquil"]
[Date "2022.01.26"]
[Round "3"]
[White "Flores Aedo, Alexander Oliver M"]
[Black "Gonzalo Garate, Luis Valentino"]
[Result "0-1"]
[WhiteElo "1804"]
[BlackElo "1538"]
[PlyCount "54"]
[EventDate "2022.01.25"]
[EventType "swiss"]
[EventRounds "9"]
[EventCountry "ECU"]
[SourceTitle "CBM 206 Extra"]
[Source "ChessBase"]
[SourceDate "2022.03.31"]
[SourceVersion "1"]
[SourceVersionDate "2022.03.31"]
[SourceQuality "1"]

1. e4 c5 2. Nf3 e6 3. d3 d5 4. Nbd2 Nc6 5. g3 Nf6 6. Bg2 dxe4 7. dxe4 e5 8. 0-0 Bd6 9. Nc4 Bc7 10. Qe2 Nd4 11. Nxd4 cxd4 12. f4 0-0 13. fxe5 Ng4 14. Bf4 Be6 15. Rfd1 b5 16. Ne3 Bb6 17. Kh1 Nxe3 18. Bxe3 dxe3 19. Rxd8 Rfxd8 20. Bf1 Rd2 21. Qxb5 Bg4 22. c4 Bf3+ 23. Kg1 Bd4 24. Be2 Bxe2 25. Qd5 Rf8 26. e6 Bf3 27. e7 Re8 0-1

[Event "South America-ch U16 17th"]
[Site "Guayaquil"]
[Date "2022.01.26"]
[Round "2"]
[White "Gonzalo Garate, Luis Valentino"]
[Black "Vasquez Angulo, Aaron Daniel"]
[Result "1-0"]
[WhiteElo "1538"]
[BlackElo "1356"]
[PlyCount "111"]
[EventDate "2022.01.25"]
[EventType "swiss"]
[EventRounds "9"]
[EventCountry "ECU"]
[SourceTitle "CBM 206 Extra"]
[Source "ChessBase"]
[SourceDate "2022.03.31"]
[SourceVersion "1"]
[SourceVersionDate "2022.03.31"]
[SourceQuality "1"]

1. e4 c5 2. Nf3 d6 3. Bb5+ Bd7 4. Bxd7+ Nxd7 5. 0-0 Ngf6 6. Re1 g6 7. Na3 Bg7 8. c3 0-0 9. d4 cxd4 10. cxd4 d5 11. e5 Ne4 12. Qb3 Nb6 13. Nd2 Ng5 14. f4 Ne6 15. Nf3 Qd7 16. Qd3 Rfc8 17. g3 Rc6 18. b3 a6 19. Bd2 Rac8 20. Kh1 Bf8 21. Rg1 Ng7 22. g4 e6 23. Nb1 Na8 24. Nc3 Ba3 25. Raf1 Bb4 26. Nxd5 Qxd5 27. Bxb4 a5 28. Bd2 Kf8 29. Rc1 b6 30. Kg2 Rxc1 31. Rxc1 Rxc1 32. Bxc1 Nc7 33. Ba3+ Kg8 34. Qc4 Qxc4 35. bxc4 Nge8 36. Bd6 Na6 37. a3 Ng7 38. Ng5 h5 39. h3 hxg4 40. hxg4 Ne8 41. Ne4 Kg7 42. Nc3 f6 43. Na4 fxe5 44. fxe5 Kf7 45. Nxb6 g5 46. c5 Nxd6 47. exd6 Ke8 48. Nc4 a4 49. Ne5 Nb8 50. Kf3 Na6 51. c6 Kd8 52. Nf7+ Kc8 53. d7+ Kb8 54. d8Q+ Ka7 55. Qd7+ Ka8 56. Qb7# 1-0